Educación reproductiva y paternidad responsable en Nicaragua
Gespeichert in:
| 1. Verfasser: | |
|---|---|
| Körperschaft: | |
| Format: | Text |
| Veröffentlicht: |
México, D.F:
CEPAL
|
| Schlagworte: | |
| Tags: |
Tag hinzufügen
Keine Tags, Fügen Sie den ersten Tag hinzu!
|
MARC
| LEADER | 00000 a a2200000 04500 | ||
|---|---|---|---|
| 001 | 26353 | ||
| 003 | |||
| 040 | |||
| 090 | |a 148200 | ||
| 100 | |a Montoya, Oswaldo | ||
| 110 | |a CEPAL | ||
| 245 | |a Educación reproductiva y paternidad responsable en Nicaragua | ||
| 260 | |a México, D.F: |b CEPAL | ||
| 300 | |a 65 p | ||
| 650 | |a REFORMA SOCIAL | ||
| 650 | |a SALUD | ||
| 650 | |a SALUD PUBLICA | ||
| 650 | |a SALUD REPRODUCTIVA | ||
| 650 | |a PADRES | ||
| 650 | |a HOMBRES | ||
| 650 | |a PROGENITORES | ||
| 650 | |a FAMILIA | ||
| 650 | |a BIENESTAR DE LA FAMILIA | ||
| 650 | |a CARGA FAMILIAR | ||
| 650 | |a ESTRUCTURA DE LA FAMILIA | ||
| 650 | |a MEDIO FAMILIAR | ||
| 650 | |a SEGURIDAD SOCIAL | ||
| 650 | |a PROBLEMAS SOCIALES | ||
| 650 | |a NIÑOS ABANDONADOS | ||
| 650 | |a VIOLENCIA | ||
| 650 | |a SEGURI | ||
| 999 | |c 13252 |d 13252 | ||
